Biện pháp huy động cộng đồng tham gia vào quá trình giáo dục trong trường trung học cơ sở tại thành phố Đà Nẵng

Cơ sở lý luận của việc xác định các biện pháp huy động cộng đồng tham gia quá trình giáo dục trong trường trung học cơ sở...Thực trạng việc sử dụng các biện pháp huy động cộng đồng tham gia quá trình giáo dục trong trường trung học cơ sở tại thành phố Đà Nẵng...Biện pháp tăng cường huy động cộng đồn...

Description complète

Enregistré dans:
Détails bibliographiques
Auteur principal: Hồ Thị Dung
Autres auteurs: Trần Kiểm hướng dẫn (PGS.TS)
Format: Livre
Langue:Vietnamese
Publié: Đà Nẵng Đại học Đà Nẵng 2005
Sujets:
Tags: Ajouter un tag
Pas de tags, Soyez le premier à ajouter un tag!
Thư viện lưu trữ: Mạng thư viện Đại học Đà Nẵng
LEADER 01935nam a2200337 4500
001 000010719
003 6932
005 20111220071240.0
008 111220s2005 viesd
041 |a vie 
072 |a Luận văn thạc sĩ giáo dục học 
082 |a 377  |b HO-D 
100 1 |a Hồ Thị Dung 
245 1 |a Biện pháp huy động cộng đồng tham gia vào quá trình giáo dục trong trường trung học cơ sở tại thành phố Đà Nẵng  |c Hồ Thị Dung 
260 |a Đà Nẵng  |b Đại học Đà Nẵng  |c 2005 
300 |a 110 tr  |c 29 cm  |e Bản tóm tắt 
500 |a Luận văn thạc sĩ giáo dục học: Chuyên ngành:Quản lý giáo dục. Mã số: 60.14.05 
520 |a Cơ sở lý luận của việc xác định các biện pháp huy động cộng đồng tham gia quá trình giáo dục trong trường trung học cơ sở...Thực trạng việc sử dụng các biện pháp huy động cộng đồng tham gia quá trình giáo dục trong trường trung học cơ sở tại thành phố Đà Nẵng...Biện pháp tăng cường huy động cộng đồng tham gia quá trình giáo dục trong trường trung học cơ sở tại thành phố Đà Nẵng... 
653 |a Luận văn thạc sĩ giáo dục học  |a Huy động cộng đồng tham gia giáo dục 
653 |a Trường trung học cơ sở tại thành phố Đà Nẵng 
700 |a Trần Kiểm  |c hướng dẫn  |e PGS.TS 
OWN |a LSP 
AVA |a UDN50  |b LSP  |d 377 HO-D  |e available  |t Error 5001 Not defined in file expand_doc_bib_avail.  |f 1  |g 0  |h N  |i 0  |k 1 
999 |a From the UDN01 
AVA |a UDN50  |b LSP  |d 377 HO-D  |e available  |t Error 5001 Not defined in file expand_doc_bib_avail.  |f 1  |g 0  |h N  |i 0  |k 1 
TYP |a Monograph 
TYP |a Printed language 
980 |a Mạng thư viện Đại học Đà Nẵng